[Event "Mecklenburg VP-ch U14"]
[Site "Malchow"]
[Date "2011.02.14"]
[Round "1.4"]
[White "Weber, Till"]
[Black "Goldbach, Aaron"]
[Result "0-1"]
[WhiteElo "1019"]
[BlackElo "1385"]
[PlyCount "50"]
[EventDate "2011.02.14"]
[EventType "swiss"]
[EventRounds "7"]
[EventCountry "GER"]
[SourceTitle "EXT 2022"]
[Source "ChessBase"]
[SourceDate "2021.10.06"]
[SourceVersion "1"]
[SourceVersionDate "2021.10.06"]
[SourceQuality "1"]

1. e4 c5 2. Nf3 e6 3. d4 cxd4 4. Nxd4 Nc6 5. Nc3 Qc7 6. Bd3 Nxd4 7. Be3 Nc6 8. 0-0 a6 9. Qd2 Bb4 10. a3 Be7 11. b4 b5 12. Ne2 Nf6 13. Bf4 d6 14. a4 bxa4 15. Rxa4 Bb7 16. Rfa1 0-0 17. f3 Qb8 18. Bxa6 Bxa6 19. Rxa6 Rxa6 20. Rxa6 Nxb4 21. Bxd6 Bxd6 22. Rxd6 Nfd5 23. e5 Qa7+ 24. Kf1 Ne3+ 25. Ke1 Nbxc2+ 0-1

[Event "Mecklenburg VP-ch U14"]
[Site "Malchow"]
[Date "2011.02.14"]
[Round "3.7"]
[White "Weber, Till"]
[Black "Wagner, Swenja"]
[Result "0-1"]
[WhiteElo "1019"]
[BlackElo "1033"]
[PlyCount "22"]
[EventDate "2011.02.14"]
[EventType "swiss"]
[EventRounds "7"]
[EventCountry "GER"]
[SourceTitle "EXT 2022"]
[Source "ChessBase"]
[SourceDate "2021.10.06"]
[SourceVersion "1"]
[SourceVersionDate "2021.10.06"]
[SourceQuality "1"]

1. e4 e5 2. Nf3 Nc6 3. Bc4 Nf6 4. Nc3 Nxe4 5. Nxe4 d5 6. Bxd5 Qxd5 7. Nc3 Qd6 8. 0-0 Bg4 9. d3 0-0-0 10. Qe2 Nd4 11. Qe4 f5 0-1

[Event "Mecklenburg VP-ch U14"]
[Site "Malchow"]
[Date "2010.02.??"]
[Round "1.10"]
[White "Weber, Till"]
[Black "Dao Xuan, Duong"]
[Result "0-1"]
[WhiteElo "872"]
[BlackElo "1321"]
[PlyCount "98"]
[EventDate "2010.02.10"]
[EventType "swiss"]
[EventRounds "7"]
[EventCountry "GER"]
[SourceTitle "EXT 2022"]
[Source "ChessBase"]
[SourceDate "2021.10.06"]
[SourceVersion "1"]
[SourceVersionDate "2021.10.06"]
[SourceQuality "1"]

1. e4 e5 2. Nf3 Nc6 3. Bc4 Bc5 4. 0-0 Nf6 5. Nc3 d6 6. d3 Be6 7. Nd5 h6 8. Be3 Bb6 9. Qd2 Bxd5 10. Bxd5 0-0 11. Bxb6 axb6 12. a3 Qd7 13. Bxc6 bxc6 14. c4 Nh7 15. b4 f5 16. exf5 Rxf5 17. Nh4 Rf6 18. h3 Kh8 19. Kh1 Rg8 20. Rg1 g5 21. Nf3 Rxf3 22. Kh2 Rf7 23. Raf1 Rgf8 24. f3 Nf6 25. Qe2 Nh5 26. Rf2 Ra8 27. Ra1 Qf5 28. Qe3 Qf6 29. Qe4 Rd8 30. Rc1 d5 31. cxd5 cxd5 32. Qe3 Nf4 33. Rd1 Qd6 34. Rfd2 Nxd3 35. g3 Nxb4 36. axb4 d4 37. Qb3 Qd5 38. Qxd5 Rxd5 39. Kg2 Kg7 40. g4 c5 41. bxc5 bxc5 42. Rc1 Rc7 43. Kg3 c4 44. Rdc2 c3 45. h4 gxh4+ 46. Kxh4 d3 47. Rxc3 Rxc3 48. Rxc3 d2 49. Rc7+ Kf8 0-1

[Event "Mecklenburg VP-ch U14"]
[Site "Malchow"]
[Date "2010.02.??"]
[Round "3.8"]
[White "Weber, Till"]
[Black "Schroetter, Luisa"]
[Result "0-1"]
[WhiteElo "872"]
[BlackElo "1029"]
[PlyCount "72"]
[EventDate "2010.02.10"]
[EventType "swiss"]
[EventRounds "7"]
[EventCountry "GER"]
[SourceTitle "EXT 2022"]
[Source "ChessBase"]
[SourceDate "2021.10.06"]
[SourceVersion "1"]
[SourceVersionDate "2021.10.06"]
[SourceQuality "1"]

1. e4 c6 2. d4 d5 3. exd5 cxd5 4. Nf3 Bg4 5. Be2 e6 6. Nc3 Nc6 7. 0-0 Nf6 8. Bf4 Be7 9. Ne5 Bxe2 10. Qxe2 Nxd4 11. Qd3 Nc6 12. Rfe1 a6 13. a3 Nxe5 14. Bxe5 h6 15. Rad1 Rc8 16. Qd4 Rg8 17. Kh1 Bc5 18. Qa4+ Nd7 19. Qf4 Nxe5 20. Rxe5 Qf6 21. Qxf6 gxf6 22. Re2 Kf8 23. h3 Bxa3 24. bxa3 Rxc3 25. Ra1 Kg7 26. Kh2 Rgc8 27. Ra2 b5 28. Rd2 Kg6 29. g4 f5 30. gxf5+ Kxf5 31. Kg2 Ke5 32. f3 Kf4 33. Rf2 d4 34. a4 b4 35. Rd2 e5 36. Kf2 Rxf3+ 0-1

[Event "Mecklenburg VP-ch U12"]
[Site "Malchow"]
[Date "2009.02.10"]
[Round "6.8"]
[White "Wagner, Swenja"]
[Black "Weber, Till"]
[Result "0-1"]
[WhiteElo "855"]
[BlackElo "803"]
[PlyCount "110"]
[EventDate "2009.02.07"]
[EventType "swiss"]
[EventRounds "7"]
[EventCountry "GER"]
[SourceTitle "EXT 2022"]
[Source "ChessBase"]
[SourceDate "2021.10.06"]
[SourceVersion "1"]
[SourceVersionDate "2021.10.06"]
[SourceQuality "1"]

1. e4 c5 2. Nf3 d6 3. Nc3 Nf6 4. Bc4 g6 5. d3 Bg7 6. Bf4 0-0 7. d4 cxd4 8. Nxd4 Nc6 9. Nf3 Bd7 10. e5 dxe5 11. Bxe5 Rc8 12. 0-0 Bg4 13. Qxd8 Rcxd8 14. Bxf6 Bxf6 15. Nd5 Bxb2 16. Rab1 Bg7 17. Rxb7 Rfe8 18. Ng5 Rd7 19. Rxd7 Bxd7 20. Nf4 Rf8 21. Bxf7+ Rxf7 22. Nxf7 Kxf7 23. Rd1 Bf5 24. c4 Nd4 25. Rc1 Bd7 26. Kf1 Bh6 27. g3 e5 28. Rc3 exf4 29. gxf4 Bxf4 30. Kg2 Kf6 31. Ra3 Bb8 32. Rc3 Ke6 33. f3 Ke5 34. Kg3 Ne2+ 35. Kf2 Nxc3 36. Ke3 Nxa2 37. f4+ Ke6 38. Ke4 a5 39. Kd3 a4 40. Kc2 a3 41. Kb1 Nb4 42. Ka1 Bxf4 43. h3 Be5+ 44. Kb1 a2+ 45. Kc1 a1Q+ 46. Kd2 Bf4+ 47. Ke2 Bc6 48. h4 Qa2+ 49. Kf1 Bg2+ 50. Kg1 Bg3 51. h5 Qa1+ 52. Kxg2 Qe1 53. hxg6 Kf5 54. gxh7 Qf2+ 55. Kh1 Qh2# 0-1